Indikátory úspešnosti inkubovaných startupov
Podnikateľské modely startupov inkubovaných vo Wayra Academy. Identifikovanie ich silných a slabých stránok, ako aj príležitostí a hrozieb na trhu. Kritériá úspešnosti startupov.
Uložené v:
| Hlavný autor: | |
|---|---|
| Médium: | Kapitola |
| Jazyk: | Slovak |
| Predmet: | |
| Tagy: |
Žiadne tagy, Buďte prvý, kto otaguje tento záznam!
|
MARC
| LEADER | 00000naa$a2200000$$$4500 | ||
|---|---|---|---|
| 001 | 0229038 | ||
| 005 | 20240502073756.6 | ||
| 041 | 0 | |a slo | |
| 044 | |a SK | ||
| 245 | 1 | 0 | |a Indikátory úspešnosti inkubovaných startupov |c Richard Bednár |
| 520 | |a Podnikateľské modely startupov inkubovaných vo Wayra Academy. Identifikovanie ich silných a slabých stránok, ako aj príležitostí a hrozieb na trhu. Kritériá úspešnosti startupov. | ||
| 610 | 2 | 0 | |a start-up |
| 610 | 2 | 0 | |a inovácia |
| 610 | 2 | 0 | |a inkubátory podnikateľské |
| 610 | 2 | 0 | |a prostredie podnikateľské |
| 610 | 2 | 0 | |a stratégia podnikateľská |
| 610 | 2 | 0 | |a efektívnosť podnikania |
| 100 | 1 | |a Bednár, Richard, 1985- | |